000 01184nam a22003497a 4500
001 232
003 FISKH
005 20250821142031.0
008 230309b cb ||||| |||| 00| 0 eng d
022 _29780439622486
040 _aDLC
_cDLC
_dDLC
_dFISKH
_beng
042 _alcac
050 0 0 _aPZ7.Y3638
_bSta 2005
082 0 0 _a813.6
_222
100 1 _aYee, Lisa
245 1 0 _aStanford Wong flunks big-time /
_cby Lisa Yee.
250 _aThis edition first printing, April 2007
260 _aNew York :
_bScholastic,
_c2005.
300 _a296 pages :
_billustrations ;
_c20 cm
505 _aM
520 _aAfter flunking sixth-grade English, basketball prodigy Stanford Wong must struggle to pass his summer-school class, keep his failure a secret from his friends, and satisy his academically demanding father.
521 8 _a650
_bLexile
521 8 _aM
_bRaz-Plus
650 1 _aBasketball
_vFiction.
650 1 _aSchools
_vFiction.
650 1 _aFriendship
_vFiction.
650 1 _aChinese Americans
_vFiction.
650 1 _aFamily life
_vFiction.
650 1 _aFathers and sons
_vFiction.
906 _a7
_bcbc
_corignew
_d1
_eecip
_f20
_gy-gencatlg
942 _2ddc
_cBK
_n0
999 _c232
_d232